Prentice Hall Weekly Legal Service (Record no. 2157)
[ view plain ]
| 000 -LEADER | |
|---|---|
| fixed length control field | 00457nam a22001577a 4500 |
| 005 - DATE AND TIME OF INPUT | |
| control field | 20240712071556.0 |
| 008 - DATA ELEMENTS--GENERAL INFORMATION | |
| fixed length control field | 240712b |||||||| |||| 00| 0 eng d |
| 041 ## - LANGUAGE CODE | |
| Language code of text | English |
| 082 ## - SHELF NUMBER | |
| DDC number | 349 PRE |
| 100 ## - MAIN AUTHOR | |
| Language of a work | English |
| 245 ## - TITLE STATEMENT | |
| Title | Prentice Hall Weekly Legal Service |
| 260 ## - PUBLICATION, DISTRIBUTION, ETC. | |
| Place of publication, distribution, etc. | Durban: |
| Name of publisher, distributor, etc. | Prentice Hall Services (Pty) Ltd, |
| Date of publication, distribution, etc. | 1976 |
| 300 ## - PHYSICAL DESCRIPTION | |
| Other physical details | 72 pages; |
| Dimensions | 26 cm. |
| 650 ## - SUBJECT` | |
| Broad subject | Legal practice |
| Own subject terms | Law |
| 942 ## - ADDED ENTRY ELEMENTS (KOHA) | |
| Item type | Books |
| 942 ## - ADDED ENTRY ELEMENTS (KOHA) | |
| -- | ALISON_BN_VRIES |
| Source of classification or shelving scheme | Volume number (bound volume or other part) | Not for loan | Collection code | Home library | Current library | Shelving location | Date acquired | Full call number | Barcode | Price effective from | Koha item type |
|---|---|---|---|---|---|---|---|---|---|---|---|
| Dewey Decimal Classification | Volume 107, 1976 (1) January - June | PRENTICE-HALL | LAW SOCIETY OF NAMIBIA LIBRARY - WINDHOEK | LAW SOCIETY OF NAMIBIA LIBRARY - WINDHOEK | Prentice hall weekly legal services | 07/12/2024 | 349 PRE | LSN/2023/2926 | 07/12/2024 | Books | |
| Dewey Decimal Classification | Volume 108, 1976 (2) July - Decemeber | PRENTICE-HALL | LAW SOCIETY OF NAMIBIA LIBRARY - WINDHOEK | LAW SOCIETY OF NAMIBIA LIBRARY - WINDHOEK | Prentice hall weekly legal services | 07/12/2024 | 349 PRE | LSN/2023/2927 | 07/12/2024 | Books |
